LEADER 00936nam a2200265 i 4500 001 991001039999707536 005 20020507182122.0 008 950216s1980 it ||| | ita 035 $ab10792703-39ule_inst 035 $aLE01306116$9ExL 040 $aDip.to Matematica$beng 082 0 $a515.724 084 $aAMS 47A10 100 1 $aSchaefer, Helmut H.$030996 245 10$aIntroduzione alla teoria spettrale /$cHelmut H. Schaefer 260 $aTorino :$bBoringhieri,$cc1980 300 $a142 p. ;$c21 cm. 490 0 $aProgramma di matematica, fisica, elettronica 650 4$aResolvant spectrum 907 $a.b10792703$b23-02-17$c28-06-02 912 $a991001039999707536 945 $aLE013 47A SCH12 (1980)$g1$i2013000021362$lle013$o-$pE0.00$q-$rl$s- $t0$u0$v0$w0$x0$y.i10893611$z28-06-02 996 $aIntroduzione alla teoria spettrale$981618 997 $aUNISALENTO 998 $ale013$b01-01-95$cm$da $e-$fita$git $h0$i1